LIBRARY & INFORMATION CENTRE, KCAET, TAVANUR

ONLINE PUBLIC ACCESS CATALOGUE (OPAC)

RCC Designs / (Record no. 7231)

MARC details
000 -LEADER
fixed length control field 00372cam a2200157ua 4500
003 - CONTROL NUMBER IDENTIFIER
control field OSt
008 - FIXED-LENGTH DATA ELEMENTS--GENERAL INFORMATION
fixed length control field 250707b |||||||| |||| 00| 0 eng d
041 ## - LANGUAGE CODE
Language code of text/sound track or separate title eng
082 ## - DEWEY DECIMAL CLASSIFICATION NUMBER
Classification number 624.18341
Item number RAJ/RC
100 ## - MAIN ENTRY--AUTHOR NAME
Personal name Rajaraman, S.
245 ## - TITLE STATEMENT
Title RCC Designs /
250 ## - EDITION STATEMENT
Edition statement 6 /
260 ## - PUBLICATION, DISTRIBUTION, ETC. (IMPRINT)
Place of publication Trichur :
Name of publisher Neo saraswathi pri works ,
Year of publication 1960.
300 ## - PHYSICAL DESCRIPTION
Number of Pages 228 ; .
942 ## - ADDED ENTRY ELEMENTS (KOHA)
Koha item type Books
Holdings
Withdrawn status Lost status Damaged status Home library Current library Date acquired Cost, normal purchase price Full call number Accession Number Koha item type
      KAUAET KAUAET 07/04/2012 8.00 624.18341 RAJ/RC 7197 Books
      KAUAET KAUAET 07/04/2012 8.00 624.18341 RAJ/RC 7196 Books
      KAUAET KAUAET 07/04/2012 8.00 624.18341 RAJ/RC 7199 Books
      KAUAET KAUAET 07/04/2012 8.00 624.18341 RAJ/RC 7198 Books
free website counter